A TB. OF THERAPEUTIC MODALITIES IN PSYCHIATRIC NURSING (Record no. 16565)

MARC details
000 -LEADER
fixed length control field 00326nam a22001337a 4500
003 - CONTROL NUMBER IDENTIFIER
control field SGT
020 ## - INTERNATIONAL STANDARD BOOK NUMBER
International Standard Book Number 978-93-5152-354-3
082 ## - DEWEY DECIMAL CLASSIFICATION NUMBER
Classification number 610.73678
Item number T15G
100 ## - MAIN ENTRY--PERSONAL NAME
Personal name GUPTA, MANISHA
245 ## - TITLE STATEMENT
Title A TB. OF THERAPEUTIC MODALITIES IN PSYCHIATRIC NURSING
260 ## - PUBLICATION, DISTRIBUTION, ETC. (IMPRINT)
Place of publication, distribution, etc INDIA
Name of publisher, distributor, etc JAYPEE
Year of Publication 2015
300 ## - PAGE DESCRIPTION
No. of Pages 253
942 ## - ADDED ENTRY ELEMENTS (KOHA)
Source of classification or shelving scheme Dewey Decimal Classification
Koha item type Books
942 ## - ADDED ENTRY ELEMENTS (KOHA)
-- 2
Holdings
Withdrawn status Lost status Source of classification or shelving scheme Damaged status Not for loan Collection code Home library Current library Shelving location Date acquired Vendor Name Cost, normal purchase price SGTU Bill Number Total Checkouts Full call number Accession No. (Barcode) Date last seen Date last borrowed Bill Date Koha item type
    Dewey Decimal Classification     NURSING SGT Medical Library SGT Medical Library Reference Book 21/01/2019 ABC 395.00 SGTU 10396 2 610.73678 T15G FN3958 17/09/2024 03/09/2024 08/12/2018 Books
    Dewey Decimal Classification     NURSING SGT Medical Library SGT Medical Library Reference Book 21/01/2019 ABC 395.00 SGTU 10396   610.73678 T15G FN3959 21/01/2019   08/12/2018 Books